Normal view
MARC view
Entry Personal Name
001 - CONTROL NUMBER
- control field: 8546
003 - CONTROL NUMBER IDENTIFIER
- control field: ARRUPE
005 - DATE AND TIME OF LATEST TRANSACTION
- control field: 20140207140511.0
008 - FIXED-LENGTH DATA ELEMENTS
- fixed length control field: 140207|| aca||aabn | a|a d
040 ## - CATALOGING SOURCE
- Original cataloging agency: ARRUPE
- Transcribing agency: ARRUPE
100 ## - HEADING--PERSONAL NAME
- Personal name: Robins, Eric.
670 ## - SOURCE DATA FOUND
- Source citation: Work cat.: (ARRUPE)0: Robins, Eric., This man Malan /, 1953.